| 000 | 01548nam a22002297a 4500 | ||
|---|---|---|---|
| 999 |
_c58964 _d58964 |
||
| 003 | Ge_BSU | ||
| 005 | 20221025110302.0 | ||
| 008 | 221025s2018 ge ||||| |||| 00| 0 geo d | ||
| 020 | _a9789941295126 | ||
| 041 | _ageo | ||
| 080 | _a27-36 ქ-27 | ||
| 245 |
_aქართველი მეფეები და დედოფლები : _bსაინტერესო ამბები მეფე-დედოფალთა ცხოვრებიდან / _c შემდგენელი კახაბერ კენკიშვილი ; სარედაქციო ჯგუფი: სალომე ნიკოლეიშვილი, ლიკა თავართქილაძე, ნინო ბურჯანაძე [და სხვ.] ; მხატვარი ლევან სილაგაძე. |
||
| 264 |
_aთბილისი : _bპალიტრა L, _c2018. |
||
| 300 |
_a128 გვ. : _bილ. ; _c20 სმ. |
||
| 653 | _aსაყმაწვილო ლიტერატურა | ||
| 653 | _aსაქართველოს ისტორია. | ||
| 653 | _aსაქართველოს მეფეები. | ||
| 700 |
_aმამაცაშვილი, თამარ _eპროექტის ავტორი, რედაქტორი _915519 |
||
| 700 |
_aსილაგაძე, ლევან _eმხატვარი _915520 |
||
| 700 |
_aნადირაძე, მიაკო _eდიზაინერი _915514 |
||
| 942 |
_2udc _cBK |
||